|
|
|
|
| LEADER |
00000nam0a2200000 4500 |
| 001 |
93096 |
| 005 |
20231101213850.0 |
| 035 |
|
|
|a (RuTPU)RU\TPU\book\99704
|
| 090 |
|
|
|a 93096
|
| 100 |
|
|
|a 20060324d1964 km y0rusy50 ca
|
| 101 |
0 |
|
|a rus
|
| 102 |
|
|
|a RU
|
| 105 |
|
|
|a a z 001zy
|
| 200 |
1 |
|
|a Производство хлора методом диафрагменного электролиза
|f С. Я. Файнштейн
|
| 210 |
|
|
|a Москва
|c Химия
|d 1964
|a Ленинград
|
| 215 |
|
|
|a 256 с.
|c ил.
|
| 320 |
|
|
|a Библиогр.: с. 253--256.
|
| 606 |
1 |
|
|a Хлор жидкий
|x Производство
|2 stltpush
|3 (RuTPU)RU\TPU\subj\32105
|9 54764
|
| 610 |
1 |
|
|a диафрагменный электролиз
|
| 610 |
1 |
|
|a электролизеры
|
| 610 |
1 |
|
|a эксплуатация
|
| 610 |
1 |
|
|a автоматизация
|
| 610 |
1 |
|
|a безопасность
|
| 675 |
|
|
|a 661.41
|v 3
|
| 700 |
|
1 |
|a Файнштейн
|b С. Я.
|g Самуил Яковлевич
|
| 801 |
|
1 |
|a RU
|b 63413507
|c 20060324
|g PSBO
|
| 801 |
|
2 |
|a RU
|b 63413507
|c 20210525
|g PSBO
|
| 942 |
|
|
|c BK
|